| 000 | 00774nam a22003250a 4500 | ||
|---|---|---|---|
| 001 | PT44157 | ||
| 003 | AR-LpoUNG | ||
| 005 | 20210131231018.0 | ||
| 008 | 191001s2011||||ag |||||||||||||||||spa d | ||
| 020 |
_a9789876281331 _c$9 |
||
| 040 |
_aAR-LpoUNG _bspa _cAR-LpoUNG _eaacr |
||
| 041 | _aspa | ||
| 044 | _aag | ||
| 082 | 0 | _aA863 193sec | |
| 100 | 1 | _aGamerro, Carlos | |
| 245 | 1 | 3 | _aEl secreto y las voces |
| 250 | _a1ยช ed. | ||
| 260 |
_aBuenos Aires : _bEdhasa, _c2011. |
||
| 300 |
_a252 p. : _btbls. |
||
| 650 | 4 | _aARGENTINA | |
| 650 | 4 | _aDICTADURA | |
| 650 | 4 | _aLITERATURA | |
| 650 | 4 | _aNOVELAS | |
| 650 | 4 | _aVIOLENCIA | |
| 651 | 4 | _aArgentina | |
| 653 | _aFICCION PERIODISTICA | ||
| 653 | _aLITERATURA ARGENTINA | ||
| 905 | _a44157 | ||
| 942 | _cLIB | ||
| 999 |
_c7459 _d7459 |
||